Loading...
| Science - Physics | 0 | 2 | 0 | 0 | 20 | 46 | 54.50 | 0 | 1 | 10.20 | 10.00 |
| Literature - American | 0 | 2 | 0 | 0 | 20 | 75 | 80.00 | 0 | 2 | 5.85 | 12.00 |
| Literature - British | 0 | 2 | 0 | 0 | 20 | 63 | 84.00 | 0 | 1 | 5.31 | 10.00 |
| Literature - European | 0 | 2 | 0 | 1 | 20 | 85 | 87.50 | 1 | 2 | 5.34 | 14.00 |
| Religion | 0 | 2 | 0 | 0 | 20 | 57 | 71.50 | 0 | 2 | 7.49 | 10.00 |
| Science - Biology | 0 | 2 | 1 | 0 | 15 | 70 | 71.00 | 0 | 0 | 6.44 | 8.00 |
| History - World | 0 | 1 | 0 | 1 | 10 | 102 | 102.00 | 0 | 0 | 0.64 | 2.00 |
| History - Other | 0 | 1 | 0 | 0 | 10 | 103 | 103.00 | 0 | 1 | 0.00 | 6.00 |
| Philosophy | 0 | 1 | 0 | 0 | 10 | 102 | 102.00 | 0 | 1 | 0.00 | 2.50 |
| Fine Arts - Classical Music | 0 | 1 | 1 | 1 | 5 | 116 | 116.00 | 0 | 1 | 0.94 | 4.00 |
| Science - Chemistry | 0 | 1 | 1 | 0 | 5 | 64 | 64.00 | 1 | 1 | 3.33 | 10.00 |
| Fine Arts - Painting and Sculpture | 0 | 0 | 1 | 0 | -5 | 0.00 | 0 | 0 | 0.00 | 0.00 | |
| Mythology | 0 | 0 | 1 | 0 | -5 | 0.00 | 0 | 0 | 0.00 | 0.00 |